| 000 | 01027cab a2200277 4500 | ||
|---|---|---|---|
| 001 | ABS52595 | ||
| 008 | 090401t1995 xxu||||| |||| 00| 0 eng d | ||
| 035 | _a(Sirsi) u85863 | ||
| 041 | _aeng | ||
| 100 | _aHerbert-Young, N. | ||
| 245 | _aReflections on section 54a and `plan-led` decision-making | ||
| 260 | _c1995 | ||
| 350 | _a0 | ||
| 490 |
_aJournal of Planning and Environment Law _vApril 1995, 292-305(7) |
||
| 520 | _aResponds to a previous article (Abs50733) which questioned the degree of flexibility granted by the Town and Country Planning Act 1990 s54A and asks whether the terms of that section have altered the meaning of established planning vocabulary. | ||
| 650 | _aDEVELOPMENT PLANS | ||
| 650 | _aPLAN-LED SYSTEM | ||
| 650 | _aPLANNING CONTROL | ||
| 650 | _aPPG1 | ||
| 650 | _aPRESUMPTIONS | ||
| 650 | _aST ALBANS DC V SOS ENVIRONMENT AND ALLIED BREWERIES | ||
| 650 | _aTOWN AND COUNTRY PLANNING ACT 1990 S54A | ||
| 690 | _aPLANNING LAW AND PRACTICE | ||
| 942 | _n0 | ||
| 948 | _c04/03/1997 | ||
| 999 |
_c54012 _d54012 |
||